Faculty of Law Library — Cairo University

Official Online Catalog

The code of criminal procedure of the Egyptian Native tribunals : (Record no. 72807)

MARC details
000 -LEADER
fixed length control field 01121nam a2200289 i 4500
003 - CONTROL NUMBER IDENTIFIER
control field EG-GICUC
005 - DATE AND TIME OF LATEST TRANSACTION
control field 20260422114743.0
008 - FIXED-LENGTH DATA ELEMENTS--GENERAL INFORMATION
fixed length control field 260422s1908 ua |||fr|||| 00| 0 eng d
040 ## - CATALOGING SOURCE
Original cataloging agency EG-GiCUC
Language of cataloging eng
Transcribing agency EG-GiCUC
Modifying agency EG-GiCUC
Description conventions rda
041 ## - LANGUAGE CODE
Language code of text/sound track or separate title eng
082 04 - DEWEY DECIMAL CLASSIFICATION NUMBER
Edition number 21
Classification number 343.3
Item number CO
092 04 - LOCALLY ASSIGNED DEWEY CALL NUMBER (OCLC)
Edition number 21
099 ## - LOCAL FREE-TEXT CALL NUMBER (OCLC)
Classification number Law1 10 343.3 CO 1908
110 1# - MAIN ENTRY--CORPORATE NAME
Corporate name or jurisdiction name as entry element Egypt.
Form subheading Laws, statutes, etc.
245 14 - TITLE STATEMENT
Title The code of criminal procedure of the Egyptian Native tribunals :
Remainder of title as amended by Law no. 6 of 1905. The law constituting Markaz tribunals (Law no. 8 of 1904) as amended by Law no. 9 of 1906 and Law no. 6 of 1907) and the law constituting Courts of assize (Law no. 4 of 1905). (Translation).
264 #1 - PRODUCTION, PUBLICATION, DISTRIBUTION, MANUFACTURE, AND COPYRIGHT NOTICE
Place of production, publication, distribution, manufacture Cairo :
Name of producer, publisher, distributor, manufacturer National printing department,
Date of production, publication, distribution, manufacture, or copyright notice 1908.
300 ## - PHYSICAL DESCRIPTION
Extent 91 pages ;
Dimensions 22 cm
336 ## - CONTENT TYPE
Source rda content
Content type term text
337 ## - MEDIA TYPE
Source rda media
Media type term Computer
338 ## - CARRIER TYPE
Source rda carrier
Carrier type term Online Resource
504 ## - BIBLIOGRAPHY, ETC. NOTE
Bibliography, etc. note Bibliography: pages 200-250.
650 14 - SUBJECT ADDED ENTRY--TOPICAL TERM
Topical term or geographic name entry element Criminal procedure
Geographic subdivision Egypt.
Source of heading or term qrmak
651 1# - SUBJECT ADDED ENTRY--GEOGRAPHIC NAME
Source of heading or term qrmak
856 40 - ELECTRONIC LOCATION AND ACCESS
Uniform Resource Identifier <a href="https://fll.law.cu.edu.eg/fulltext/bks/B10-11478.pdf">https://fll.law.cu.edu.eg/fulltext/bks/B10-11478.pdf</a>
905 ## - Cataloger and Reviser Names
Cataloger Name: Mayar Adel
942 ## - ADDED ENTRY ELEMENTS (KOHA)
Source of classification or shelving scheme Dewey Decimal Classification
Koha item type Books
Edition 21
Suppress in OPAC No
Holdings
Withdrawn status Lost status Source of classification or shelving scheme Damaged status Not for loan Collection Home library Current library Date acquired Total checkouts Full call number Barcode Date last seen Copy number Price effective from Koha item type
    Dewey Decimal Classification   Not for loan القانون الجنائي جــــامعة القــاهرة مكتبة كلية الحقوق - المبنى الرئيسي 22.04.2026   Law1 10 343.3 CO 1908 1011478 C1 B10-11478 22.04.2026 1 22.04.2026 Books
    Dewey Decimal Classification   Not for loan القانون الجنائي جــــامعة القــاهرة مكتبة كلية الحقوق - المبنى الرئيسي 25.04.2026   Law1 10 343.3 CO 1908 1010620 C2 B10-10620 25.04.2026 2 25.04.2026 Books

© All rights reserved — Faculty of Law, Cairo University